000 01571nam a2200385 i 4500
001 ELB33919
003 FlNmELB
005 20250326042535.0
006 m o u
007 cr cn|||||||||
008 190310s2017 sp o 000 0 spa d
020 _a9788498286199 (e-book)
040 _aFINmELB
_bspa
_erda
_cFINmELB
050 1 4 _aLA543
_bL935 2017
080 _a378.4(8)
082 0 4 _a378.8
_223
100 1 _aLucena-Muñoz, Juan José.
245 1 0 _aExperiencias en la dimensión social y cultural de la responsabilidad social universitaria en América Latina /
_cJuan José Lucena-Muñoz.
264 1 _aCádiz :
_bServicio de Publicaciones de la Universidad de Cádiz,
_c2017.
300 _a1 recurso en línea (278 páginas)
336 _atexto
_btxt
_2rdacontent/spa
337 _acomputadora
_bc
_bc
_2rdamedia/spa
338 _arecurso en línea
_bcr
_2rdacarrier/spa
588 _aDescripción basada en recurso en línea; título de la página del título en PDF (elibro, visto el 10 de marzo de 2019).
590 _aRecurso electrónico. Santa Fe, Arg.: e-libro, 2018. Disponible vía World Wide Web. El acceso puede estar limitado para las bibliotecas afiliadas a e-libro.
650 0 _aUniversities and colleges
_zLatin America.
650 0 _aUniversities and colleges
_xSocial aspects.
650 4 _aUniversidad.
650 4 _aMedio social.
651 4 _aAmérica Latina.
655 4 _aLibros electrónicos.
797 2 _ae-libro, Corp.
035 _a(OCoLC)1105481623
856 4 0 _uhttps://elibro.net/ereader/usam/33919
999 _c130459
_d130459